<?xml version="1.0" encoding="UTF-8"?>
<record
    xmlns:xsi="http://www.w3.org/2001/XMLSchema-instance"
    xsi:schemaLocation="http://www.loc.gov/MARC21/slim http://www.loc.gov/standards/marcxml/schema/MARC21slim.xsd"
    xmlns="http://www.loc.gov/MARC21/slim">

  <leader>04818namaa22004211i 4500</leader>
  <controlfield tag="003">OSt</controlfield>
  <controlfield tag="005">20260517131602.0</controlfield>
  <controlfield tag="008">250827s2025    ua a|||frm||| 000 0 eng d</controlfield>
  <datafield tag="040" ind1=" " ind2=" ">
    <subfield code="a">EG-GICUC</subfield>
    <subfield code="b">ara</subfield>
    <subfield code="c">EG-GICUC</subfield>
    <subfield code="d">EG-GICUC</subfield>
    <subfield code="e">rda</subfield>
  </datafield>
  <datafield tag="041" ind1="0" ind2=" ">
    <subfield code="a">ara</subfield>
    <subfield code="b">ara</subfield>
    <subfield code="b">eng</subfield>
  </datafield>
  <datafield tag="049" ind1=" " ind2=" ">
    <subfield code="a">&#x625;&#x64A;&#x62F;&#x627;&#x639;</subfield>
  </datafield>
  <datafield tag="082" ind1="0" ind2="4">
    <subfield code="a">153.35</subfield>
  </datafield>
  <datafield tag="092" ind1=" " ind2=" ">
    <subfield code="a">153.35</subfield>
    <subfield code="2">21</subfield>
  </datafield>
  <datafield tag="097" ind1=" " ind2=" ">
    <subfield code="a">&#x645;&#x640;&#x640;&#x640;&#x640;&#x627;&#x62C;&#x633;&#x62A;&#x64A;&#x631;</subfield>
  </datafield>
  <datafield tag="099" ind1=" " ind2=" ">
    <subfield code="a">Cai01.02.11.M.A.2025.&#x646;&#x647;.&#x62F;</subfield>
  </datafield>
  <datafield tag="100" ind1="0" ind2=" ">
    <subfield code="a">&#x60C;&#x646;&#x647;&#x649; &#x633;&#x64A;&#x62F; &#x645;&#x635;&#x637;&#x641;&#x649; &#x637;&#x647; &#x639;&#x628;&#x62F; &#x627;&#x644;&#x641;&#x62A;&#x627;&#x62D;</subfield>
    <subfield code="e">&#x625;&#x639;&#x62F;&#x627;&#x62F;.</subfield>
  </datafield>
  <datafield tag="245" ind1="1" ind2="0">
    <subfield code="a">&#x62F;&#x648;&#x631; &#x627;&#x644;&#x625;&#x628;&#x62F;&#x627;&#x639; &#x627;&#x644;&#x648;&#x62C;&#x62F;&#x627;&#x646;&#x64A; &#x648;&#x627;&#x644;&#x648;&#x639;&#x64A; &#x628;&#x627;&#x644;&#x625;&#x628;&#x62F;&#x627;&#x639; &#x641;&#x64A; &#x627;&#x644;&#x62A;&#x646;&#x628;&#x624; &#x628;&#x643;&#x641;&#x627;&#x621;&#x629; &#x627;&#x644;&#x62A;&#x645;&#x62B;&#x64A;&#x644; &#x627;&#x644;&#x645;&#x633;&#x631;&#x62D;&#x64A; /</subfield>
    <subfield code="c">&#x625;&#x639;&#x62F;&#x627;&#x62F; &#x646;&#x647;&#x649; &#x633;&#x64A;&#x62F; &#x645;&#x635;&#x637;&#x641;&#x649; &#x637;&#x647; &#x639;&#x628;&#x62F; &#x627;&#x644;&#x641;&#x62A;&#x627;&#x62D;&#x61B; &#x625;&#x634;&#x631;&#x627;&#x641; &#x623;&#x64A;&#x645;&#x646; &#x645;&#x62D;&#x645;&#x62F; &#x641;&#x62A;&#x62D;&#x64A; &#x639;&#x627;&#x645;&#x631;.</subfield>
  </datafield>
  <datafield tag="246" ind1="1" ind2="5">
    <subfield code="a">The role of emotional creativity and meta-creativity in predicting of the efficiency of theatrical acting /</subfield>
  </datafield>
  <datafield tag="264" ind1=" " ind2="0">
    <subfield code="c">2025.</subfield>
  </datafield>
  <datafield tag="300" ind1=" " ind2=" ">
    <subfield code="a">195 &#x635;&#x641;&#x62D;&#x629; :</subfield>
    <subfield code="b">&#x625;&#x64A;&#x636;&#x627;&#x62D;&#x64A;&#x627;&#x62A; &#x61B; </subfield>
    <subfield code="c">25 &#x633;&#x645;. + </subfield>
    <subfield code="e">CD.</subfield>
  </datafield>
  <datafield tag="336" ind1=" " ind2=" ">
    <subfield code="a">text</subfield>
    <subfield code="2">rda content</subfield>
  </datafield>
  <datafield tag="337" ind1=" " ind2=" ">
    <subfield code="a">Unmediated</subfield>
    <subfield code="2">rdamedia</subfield>
  </datafield>
  <datafield tag="338" ind1=" " ind2=" ">
    <subfield code="a">volume</subfield>
    <subfield code="2">rdacarrier</subfield>
  </datafield>
  <datafield tag="502" ind1=" " ind2=" ">
    <subfield code="a">&#x623;&#x637;&#x631;&#x648;&#x62D;&#x629; (&#x645;&#x627;&#x62C;&#x633;&#x62A;&#x64A;&#x631;)-&#x62C;&#x627;&#x645;&#x639;&#x629; &#x627;&#x644;&#x642;&#x627;&#x647;&#x631;&#x629;&#x60C; 2025. </subfield>
  </datafield>
  <datafield tag="504" ind1=" " ind2=" ">
    <subfield code="a">&#x628;&#x628;&#x644;&#x64A;&#x648;&#x62C;&#x631;&#x627;&#x641;&#x64A;&#x627;: &#x635;&#x641;&#x62D;&#x627;&#x62A; 182-195.</subfield>
  </datafield>
  <datafield tag="520" ind1=" " ind2=" ">
    <subfield code="a">&#x647;&#x62F;&#x641;&#x62A; &#x627;&#x644;&#x62F;&#x631;&#x627;&#x633;&#x629; &#x627;&#x644;&#x631;&#x627;&#x647;&#x646;&#x629; &#x625;&#x644;&#x649; &#x627;&#x644;&#x643;&#x634;&#x641; &#x639;&#x646; &#x62F;&#x648;&#x631; "&#x627;&#x644;&#x625;&#x628;&#x62F;&#x627;&#x639; &#x627;&#x644;&#x648;&#x62C;&#x62F;&#x627;&#x646;&#x64A;" &#x648;"&#x627;&#x644;&#x648;&#x639;&#x64A; &#x628;&#x627;&#x644;&#x625;&#x628;&#x62F;&#x627;&#x639;" &#x641;&#x64A; &#x627;&#x644;&#x62A;&#x646;&#x628;&#x624; &#x628;&#x627;&#x644;&#x643;&#x641;&#x627;&#x621;&#x629; &#x627;&#x644;&#x641;&#x646;&#x64A;&#x629; &#x648;&#x627;&#x644;&#x646;&#x641;&#x633;&#x64A;&#x629; &#x644;&#x644;&#x62A;&#x645;&#x62B;&#x64A;&#x644; &#x627;&#x644;&#x645;&#x633;&#x631;&#x62D;&#x64A;. &#x648;&#x644;&#x62A;&#x62D;&#x642;&#x64A;&#x642; &#x647;&#x630;&#x627; &#x627;&#x644;&#x647;&#x62F;&#x641; &#x627;&#x62E;&#x62A;&#x64A;&#x631;&#x62A; &#x639;&#x64A;&#x646;&#x629; &#x645;&#x643;&#x648;&#x646;&#x629; &#x645;&#x646; 140 &#x645;&#x645;&#x62B;&#x644;/&#x645;&#x645;&#x62B;&#x644;&#x629; &#x645;&#x633;&#x631;&#x62D;&#x64A;&#x629;&#x60C; &#x637;&#x64F;&#x628;&#x642; &#x639;&#x644;&#x64A;&#x647;&#x645; &#x645;&#x642;&#x64A;&#x627;&#x633; &#x627;&#x644;&#x643;&#x641;&#x627;&#x621;&#x629; &#x627;&#x644;&#x646;&#x641;&#x633;&#x64A;&#x629; &#x644;&#x644;&#x62A;&#x645;&#x62B;&#x64A;&#x644; (&#x625;&#x639;&#x62F;&#x627;&#x62F; &#x627;&#x644;&#x628;&#x627;&#x62D;&#x62B;&#x629;)&#x60C; &#x648;&#x645;&#x642;&#x64A;&#x627;&#x633; &#x627;&#x644;&#x643;&#x641;&#x627;&#x621;&#x629; &#x627;&#x644;&#x641;&#x646;&#x64A;&#x629; &#x644;&#x644;&#x62A;&#x645;&#x62B;&#x64A;&#x644; (&#x625;&#x639;&#x62F;&#x627;&#x62F; &#x627;&#x644;&#x628;&#x627;&#x62D;&#x62B;&#x629;)&#x60C; &#x648;&#x628;&#x637;&#x627;&#x631;&#x64A;&#x629; &#x627;&#x644;&#x648;&#x639;&#x64A; &#x628;&#x627;&#x644;&#x625;&#x628;&#x62F;&#x627;&#x639; (&#x625;&#x639;&#x62F;&#x627;&#x62F; &#x639;&#x627;&#x645;&#x631;&#x60C; 2003)&#x60C; &#x648;&#x645;&#x642;&#x64A;&#x627;&#x633; &#x627;&#x644;&#x625;&#x628;&#x62F;&#x627;&#x639; &#x627;&#x644;&#x648;&#x62C;&#x62F;&#x627;&#x646;&#x64A; (&#x625;&#x639;&#x62F;&#x627;&#x62F; &#x623;&#x641;&#x631;&#x64A;&#x644;) &#x62A;&#x631;&#x62C;&#x645;&#x629;: (&#x646;&#x627;&#x635;&#x641;&#x60C; 2005). &#x643;&#x634;&#x641;&#x62A; &#x646;&#x62A;&#x627;&#x626;&#x62C; &#x627;&#x644;&#x62F;&#x631;&#x627;&#x633;&#x629; &#x639;&#x646; &#x648;&#x62C;&#x648;&#x62F; &#x641;&#x631;&#x648;&#x642; &#x62F;&#x627;&#x644;&#x629; &#x628;&#x64A;&#x646; &#x627;&#x644;&#x623;&#x643;&#x627;&#x62F;&#x64A;&#x645;&#x64A;&#x64A;&#x646; &#x648;&#x63A;&#x64A;&#x631; &#x627;&#x644;&#x623;&#x643;&#x627;&#x62F;&#x64A;&#x645;&#x64A;&#x64A;&#x646;/&#x627;&#x644;&#x647;&#x648;&#x627;&#x629; &#x641;&#x64A; &#x627;&#x644;&#x643;&#x641;&#x627;&#x621;&#x629; &#x627;&#x644;&#x646;&#x641;&#x633;&#x64A;&#x629; &#x644;&#x644;&#x62A;&#x645;&#x62B;&#x64A;&#x644; &#x627;&#x644;&#x645;&#x633;&#x631;&#x62D;&#x64A;&#x60C; &#x648;&#x627;&#x644;&#x62E;&#x628;&#x631;&#x629; &#x641;&#x64A; &#x627;&#x62A;&#x62C;&#x627;&#x647; &#x627;&#x644;&#x623;&#x643;&#x627;&#x62F;&#x64A;&#x645;&#x64A;&#x64A;&#x646;. &#x643;&#x645;&#x627; &#x648;&#x62C;&#x62F;&#x62A; &#x641;&#x631;&#x648;&#x642; &#x62F;&#x627;&#x644;&#x629; &#x628;&#x64A;&#x646;&#x647;&#x645;&#x627; &#x641;&#x64A; &#x627;&#x644;&#x648;&#x639;&#x64A; &#x628;&#x627;&#x644;&#x625;&#x628;&#x62F;&#x627;&#x639;&#x60C; &#x641;&#x64A; &#x62D;&#x64A;&#x646; &#x644;&#x645; &#x62A;&#x648;&#x62C;&#x62F; &#x641;&#x631;&#x648;&#x642; &#x628;&#x64A;&#x646;&#x647;&#x645;&#x627; &#x641;&#x64A; &#x627;&#x644;&#x625;&#x628;&#x62F;&#x627;&#x639; &#x627;&#x644;&#x648;&#x62C;&#x62F;&#x627;&#x646;&#x64A;. &#x628;&#x64A;&#x646;&#x62A; &#x627;&#x644;&#x646;&#x62A;&#x627;&#x626;&#x62C; &#x643;&#x630;&#x644;&#x643; &#x648;&#x62C;&#x648;&#x62F; &#x639;&#x644;&#x627;&#x642;&#x629; &#x627;&#x631;&#x62A;&#x628;&#x627;&#x637;&#x64A;&#x629; &#x637;&#x631;&#x62F;&#x64A;&#x629; &#x628;&#x64A;&#x646; &#x643;&#x641;&#x627;&#x621;&#x629; &#x627;&#x644;&#x62A;&#x645;&#x62B;&#x64A;&#x644; (&#x628;&#x634;&#x642;&#x64A;&#x647; &#x627;&#x644;&#x645;&#x648;&#x636;&#x648;&#x639;&#x64A; &#x627;&#x644;&#x641;&#x646;&#x64A; &#x648;&#x627;&#x644;&#x630;&#x627;&#x62A;&#x64A; &#x627;&#x644;&#x646;&#x641;&#x633;&#x64A;) &#x648;&#x643;&#x644; &#x645;&#x646; "&#x627;&#x644;&#x625;&#x628;&#x62F;&#x627;&#x639; &#x627;&#x644;&#x648;&#x62C;&#x62F;&#x627;&#x646;&#x64A;" &#x648;"&#x627;&#x644;&#x648;&#x639;&#x64A; &#x628;&#x627;&#x644;&#x625;&#x628;&#x62F;&#x627;&#x639;" &#x644;&#x62F;&#x649; &#x645;&#x645;&#x62B;&#x644;&#x64A; &#x627;&#x644;&#x645;&#x633;&#x631;&#x62D;. &#x648;&#x643;&#x634;&#x641;&#x62A; &#x646;&#x62A;&#x627;&#x626;&#x62C; &#x645;&#x639;&#x627;&#x645;&#x644;&#x627;&#x62A; &#x62A;&#x62D;&#x644;&#x64A;&#x644; &#x627;&#x644;&#x627;&#x646;&#x62D;&#x62F;&#x627;&#x631; &#x639;&#x646; &#x62F;&#x648;&#x631; &#x627;&#x644;&#x625;&#x628;&#x62F;&#x627;&#x639; &#x627;&#x644;&#x648;&#x62C;&#x62F;&#x627;&#x646;&#x64A; &#x648;&#x627;&#x644;&#x648;&#x639;&#x64A; &#x628;&#x627;&#x644;&#x625;&#x628;&#x62F;&#x627;&#x639; &#x641;&#x64A; &#x627;&#x644;&#x62A;&#x646;&#x628;&#x624; &#x628;&#x643;&#x641;&#x627;&#x621;&#x629; &#x627;&#x644;&#x62A;&#x645;&#x62B;&#x64A;&#x644; &#x627;&#x644;&#x645;&#x633;&#x631;&#x62D;&#x64A;.</subfield>
  </datafield>
  <datafield tag="520" ind1=" " ind2=" ">
    <subfield code="a">The present study aimed to examine the role of emotional creativity and meta creativity in predicting both the artistic and psychological Efficiency in theatrical performance. To this end, a sample of 140 stage actors and actresses was selected. Participants were assessed using the Psychological Acting Efficiency Scale and the Artistic Acting Efficiency Scale (both developed by the researcher), the Meta Creativity Battery (Amer, 2003), and the Emotional Creativity Scale originally developed by Averill and translated by (Nassef, 2005). The findings revealed statistically significant differences between academically trained actors and non-academic (amateur) actors in psychological acting competence and creativity awareness, favoring those with formal training. However, no significant differences were found between the two groups in emotional creativity. The results also indicated a positive correlation between overall acting Efficiency &#x2014;both in its subjective psychological and objective artistic dimensions&#x2014;and each of emotional creativity and meta creativity. Furthermore, regression analysis showed that both emotional creativity and meta creativity significantly predicted theatrical performance Efficiency.</subfield>
  </datafield>
  <datafield tag="530" ind1=" " ind2=" ">
    <subfield code="a">&#x635;&#x62F;&#x631; &#x623;&#x64A;&#x636;&#x64B;&#x627; &#x643;&#x642;&#x631;&#x635; &#x645;&#x62F;&#x645;&#x62C;.</subfield>
  </datafield>
  <datafield tag="546" ind1=" " ind2=" ">
    <subfield code="a">&#x627;&#x644;&#x646;&#x635; &#x628;&#x627;&#x644;&#x639;&#x631;&#x628;&#x64A;&#x629; &#x648;&#x627;&#x644;&#x645;&#x644;&#x62E;&#x635; &#x628;&#x627;&#x644;&#x644;&#x63A;&#x629; &#x627;&#x644;&#x625;&#x646;&#x62C;&#x644;&#x64A;&#x632;&#x64A;&#x629; &#x648;&#x627;&#x644;&#x639;&#x631;&#x628;&#x64A;&#x629;.</subfield>
  </datafield>
  <datafield tag="650" ind1=" " ind2="7">
    <subfield code="a">&#x627;&#x644;&#x62A;&#x62E;&#x64A;&#x644; &#x627;&#x644;&#x627;&#x628;&#x62F;&#x627;&#x639;&#x649;</subfield>
    <subfield code="2">qrmak</subfield>
  </datafield>
  <datafield tag="650" ind1=" " ind2="7">
    <subfield code="a">&#x627;&#x644;&#x627;&#x628;&#x62F;&#x627;&#x639; &#x627;&#x644;&#x627;&#x62F;&#x628;&#x649; &#x648;&#x627;&#x644;&#x641;&#x646;&#x649;</subfield>
  </datafield>
  <datafield tag="653" ind1=" " ind2="0">
    <subfield code="a">&#x627;&#x644;&#x625;&#x628;&#x62F;&#x627;&#x639; &#x627;&#x644;&#x648;&#x62C;&#x62F;&#x627;&#x646;&#x64A;	</subfield>
    <subfield code="a">&#x627;&#x644;&#x648;&#x639;&#x64A; &#x628;&#x627;&#x644;&#x625;&#x628;&#x62F;&#x627;&#x639;</subfield>
    <subfield code="a">&#x643;&#x641;&#x627;&#x621;&#x629; &#x627;&#x644;&#x62A;&#x645;&#x62B;&#x64A;&#x644; &#x627;&#x644;&#x645;&#x633;&#x631;&#x62D;&#x64A;</subfield>
  </datafield>
  <datafield tag="700" ind1="0" ind2=" ">
    <subfield code="a">&#x623;&#x64A;&#x645;&#x646; &#x645;&#x62D;&#x645;&#x62F; &#x641;&#x62A;&#x62D;&#x64A; &#x639;&#x627;&#x645;&#x631;</subfield>
    <subfield code="e">&#x645;&#x634;&#x631;&#x641; &#x623;&#x637;&#x631;&#x648;&#x62D;&#x629;.</subfield>
  </datafield>
  <datafield tag="900" ind1=" " ind2=" ">
    <subfield code="b">23-04-2025</subfield>
    <subfield code="c">&#x623;&#x64A;&#x645;&#x646; &#x645;&#x62D;&#x645;&#x62F; &#x641;&#x62A;&#x62D;&#x64A; &#x639;&#x627;&#x645;&#x631;</subfield>
    <subfield code="U">&#x62C;&#x627;&#x645;&#x639;&#x629; &#x627;&#x644;&#x642;&#x627;&#x647;&#x631;&#x629; </subfield>
    <subfield code="F">&#x643;&#x644;&#x64A;&#x629; &#x627;&#x644;&#x622;&#x62F;&#x627;&#x628;</subfield>
    <subfield code="D">&#x642;&#x633;&#x645; &#x639;&#x644;&#x645; &#x627;&#x644;&#x646;&#x641;&#x633;</subfield>
  </datafield>
  <datafield tag="905" ind1=" " ind2=" ">
    <subfield code="a">Sara</subfield>
    <subfield code="e">Afaf</subfield>
  </datafield>
  <datafield tag="942" ind1=" " ind2=" ">
    <subfield code="2">ddc</subfield>
    <subfield code="c">TH</subfield>
    <subfield code="e">21</subfield>
    <subfield code="n">0</subfield>
  </datafield>
  <datafield tag="999" ind1=" " ind2=" ">
    <subfield code="c">179903</subfield>
  </datafield>
  <datafield tag="952" ind1=" " ind2=" ">
    <subfield code="2">ddc</subfield>
    <subfield code="9">317530</subfield>
    <subfield code="a">CUCL</subfield>
    <subfield code="b">cl210</subfield>
    <subfield code="d">2026-05-03</subfield>
    <subfield code="i">33163</subfield>
    <subfield code="o">Cai01.02.11.M.A.2025.&#x646;&#x647;.&#x62F;</subfield>
    <subfield code="p">01010100033163000</subfield>
    <subfield code="r">2026-05-03 09:59:00</subfield>
    <subfield code="w">2026-05-03</subfield>
    <subfield code="y">TH</subfield>
  </datafield>
</record>
